Những sự kiện lịch sử Đảng T.4 Cách mạng xã hội chủ nghĩa ở miền Bắc việt Nam (1954-1975)
Tư liệu lịch sử của Đảng về xây dựng CNXH ở miền bắc trong giai đoạn từ 1954-1975: Cải cách ruongj đất, hợp tác hoá nông nghiệp, đấu tranh chống những lực lượng thù địch của CNXH. Cải tạo XHCN đối với công thương nghiệp tư bản tư doanh, cải tạo thủ công nghiệp, xây dựng cơ sở vật chất kỹ thuật của C...
Shranjeno v:
| Korporativna značnica: | |
|---|---|
| Format: | Knjiga |
| Jezik: | Vietnamese |
| Izdano: |
H.
Thông tin lý luận
1976
|
| Teme: | |
| Oznake: |
Označite
Brez oznak, prvi označite!
|
| Thư viện lưu trữ: | Mạng thư viện Đại học Đà Nẵng |
|---|
| LEADER | 01848nam a2200361 4500 | ||
|---|---|---|---|
| 001 | 000007605 | ||
| 003 | 3768 | ||
| 005 | 20111007101050.0 | ||
| 008 | 111007s1976 viesd | ||
| 020 | |c 12500đ | ||
| 041 | 0 | |a vie | |
| 082 | |a 324.259707 |b VIE | ||
| 110 | |a Ban Nghiên cứu lịch sử Đảng Trung ương | ||
| 245 | 1 | 0 | |a Những sự kiện lịch sử Đảng |n T.4 |p Cách mạng xã hội chủ nghĩa ở miền Bắc việt Nam (1954-1975) |
| 260 | |a H. |b Thông tin lý luận |c 1976 | ||
| 300 | |a 433 tr. |c 20 cm. | ||
| 500 | |a ĐTTS ghi: Viên Mác-Lênin. Viện Lịch sử Đảng | ||
| 520 | |a Tư liệu lịch sử của Đảng về xây dựng CNXH ở miền bắc trong giai đoạn từ 1954-1975: Cải cách ruongj đất, hợp tác hoá nông nghiệp, đấu tranh chống những lực lượng thù địch của CNXH. Cải tạo XHCN đối với công thương nghiệp tư bản tư doanh, cải tạo thủ công nghiệp, xây dựng cơ sở vật chất kỹ thuật của CNXH. Xây dựng và bảo vệ miền bắc XHCN đánh thắng chiến tranh phá hoại của đế quốc Mỹ (1975 | ||
| 653 | |a Đảng cộng sản Việt Nam | ||
| 653 | |a Cách mạng XHCN | ||
| 653 | |a Sự kiện lịch sử | ||
| 773 | |t Những sự kiện lịch sử Đảng |w 3758 | ||
| 910 | |a Huỳnh Thị Cẩm Lai |d 07/10/2011 | ||
| OWN | |a LSP | ||
| AVA | |a UDN50 |b LSP |d 324.259707 VIE |e available |t Error 5001 Not defined in file expand_doc_bib_avail. |f 2 |g 1 |h N |i 0 |k 1 | ||
| 999 | |a From the UDN01 | ||
| AVA | |a UDN50 |b LSP |d 324.259707 VIE |e available |t Error 5001 Not defined in file expand_doc_bib_avail. |f 2 |g 1 |h N |i 0 |k 1 | ||
| TYP | |a Monograph | ||
| TYP | |a Printed language | ||
| 980 | |a Mạng thư viện Đại học Đà Nẵng | ||